عرض عادي عرض مارك
  • Dolin, Tim,

مدخل إسم شخص

عدد التسجيلات المستخدمة في: 1

001 - رقم الضبط

  • حقل الضبط: 8292

003 - معرف رقم الضبط

  • حقل الضبط: OSt

005 - تاريخ ووقت أخر عملية

  • حقل الضبط: 20111214104750.0

008 - عناصر بيانات ثابتة الطول

  • حقل تحكم ثابت الطول: 111214|||a|||||| | ||| d

040 ## - مصدر الفهرسة

  • هيئة الفهرسة الأصلية: OSt
  • وكالة الكتابة: OSt

100 ## - مدخل -- أسم شخص

  • إسم شخص: Dolin, Tim,
  • تواريخ مرتبطة بالاسم: 1959-

670 ## - بيانات المصدر موجوده

  • الاستشهاد بالمصدر: Work cat.: (OSt)20849: Dolin, Tim, 1959-, George Eliot /, c2005.